Statistiques concernant Pays bordant Arabie Saoudite

Cliquez ici pour prendre le quiz!

Statistiques générales

  • Ce quiz a été pris 146 fois
  • Le résultat moyen est 7 sur 8

Statistiques - réponses

Longeur (km)Pays% Correct
457Émirats arabes unis
98%
676Oman
94%
60Qatar
94%
1,458Yémen
94%
814Irak
93%
222Koweït
92%
(Par pont)Bahreïn
91%
744Jordanie
91%

Distribution des résultats

Percentile par nombre de réponses

% des personnes avec chaque résultat

Votre développement - résultats

Vous n’avez pas pris ce quiz